Guess the lyrics (#51) - Statistics

General Stats
  • This quiz has been taken 168 times
  • The average score is 88 of 134
Answer Stats
Answer % Correct
a
98%
I
98%
and
94%
And
94%
the
94%
The
94%
you
94%
you,
94%
me
88%
me,
88%
Me
88%
be
84%
to
84%
it
81%
When
81%
is
79%
love
78%
No
75%
So
75%
so
75%
do
71%
for
69%
For
69%
you're
69%
my
67%
all
65%
one
65%
can't
64%
If
63%
it's
63%
We're
63%
see
61%
only
60%
with
60%
they
59%
but
57%
how
57%
life
57%
her
56%
could
54%
together
53%
think
52%
ba ba ba ba (etc)
51%
say
50%
had
48%
day
47%
happy
47%
about
46%
night
46%
right
44%
should
44%
up,
44%
baby
42%
lovin'
40%
nobody
40%
world
40%
girl
39%
matter
39%
hold
35%
tight
35%
blue
32%
weather?
30%
call
29%
very
29%
mind
28%
dice
27%
Imagine
27%
belong
25%
toss
25%
fine
23%
dime
21%
invest
21%
ease
19%
skies'll
17%
No matching quizzes found
Score Distribution
Percent of People with Each Score
Percentile by Number Answered
Your Score History
You have not taken this quiz